Vista normal Vista MARC

Entrada Topical Term

Número de registros utilizados en: 1

001 - CONTROL NUMBER

  • control field: 16277

003 - CONTROL NUMBER IDENTIFIER

  • control field: OSt

005 - DATE AND TIME OF LATEST TRANSACTION

  • control field: 20210920194746.0

008 - FIXED-LENGTH DATA ELEMENTS

  • fixed length control field: 860211i| anannbabn |a ana

040 ## - CATALOGING SOURCE

  • Original cataloging agency: la-la

042 ## - AUTHENTICATION CODE

  • Authentication code: la

083 ## - DEWEY DECIMAL CLASSIFICATION NUMBER

  • Classification number element-single number or beginning number of span: 126-20 ed.

150 ## - HEADING--TOPICAL TERM

  • Topical term or geographic name entry element: Teoria del Autoconocimiento

450 ## - SEE FROM TRACING--TOPICAL TERM

  • Topical term or geographic name entry element: Autoconocimiento-Teoría

450 ## - SEE FROM TRACING--TOPICAL TERM

  • Topical term or geographic name entry element: Conocimiento reflexivo

450 ## - SEE FROM TRACING--TOPICAL TERM

  • Topical term or geographic name entry element: Introspección (Teoría del conocimiento)

450 ## - SEE FROM TRACING--TOPICAL TERM

  • Topical term or geographic name entry element: Reflexión (Teoría del conocimiento)

550 ## - SEE ALSO FROM TRACING--TOPICAL TERM

  • Control subfield: g
  • Topical term or geographic name entry element: Personalidad (teoria del conocimiento)

550 ## - SEE ALSO FROM TRACING--TOPICAL TERM

  • Control subfield: g
  • Topical term or geographic name entry element: Teoria del conocimiento

550 ## - SEE ALSO FROM TRACING--TOPICAL TERM

  • Control subfield: g
  • Topical term or geographic name entry element: Yo

670 ## - SOURCE DATA FOUND

  • Source citation: LC Authorities / Library of Congress, (Consultado 03, 05, 04) Disponible en Internet: http://authorities.loc.gov

750 ## - ESTABLISHED HEADING LINKING ENTRY--TOPICAL TERM

  • Topical term or geographic name entry element: Self-knowledge, Theory of